[Event "TUR Cup"]
[Site "Adapazari"]
[Date "2022.03.31"]
[Round "10"]
[White "Zaimov, Berk"]
[Black "Karadag, Eflatun Cem"]
[Result "0-1"]
[WhiteElo "1498"]
[BlackElo "1751"]
[PlyCount "106"]
[EventDate "2022.03.25"]
[EventType "swiss"]
[EventRounds "11"]
[EventCountry "TUR"]
[SourceTitle "EXT 2023"]
[Source "ChessBase"]
[SourceDate "2022.10.05"]
[SourceVersion "1"]
[SourceVersionDate "2022.10.05"]
[SourceQuality "1"]

1. e4 e5 2. d4 exd4 3. Qxd4 Nc6 4. Qe3 Nf6 5. Nc3 Bb4 6. Bd2 0-0 7. 0-0-0 Re8 8. f3 d5 9. Qg5 dxe4 10. fxe4 Ng4 11. Qf4 Bd6 12. Qf3 Nxh2 13. Rxh2 Bxh2 14. Qh5 Bd6 15. Nf3 Ne5 16. Bg5 f6 17. Bc4+ Nxc4 18. Rh1 Kf8 19. Qxh7 Be6 20. Qg6 Bf7 21. Rh8+ Ke7 22. Qxg7 Bf4+ 23. Bxf4 Rxh8 24. Bh6 Rxh6 25. Qxh6 Qh8 26. Qf4 Qh1+ 27. Nd1 Rd8 28. Qxc7+ Rd7 29. Qc5+ Kd8 30. Qf8+ Be8 31. Qxf6+ Kc8 32. Nd4 Ne3 33. Kd2 Nxd1 34. Qe6 Qh8 35. e5 Nxb2 36. Kc3 Na4+ 37. Kb4 Nb6 38. Nb5 Qh4+ 39. g4 Qe1+ 40. c3 Qe4+ 41. Nd4 Qg6 42. Qb3 Bf7 43. e6 Rxd4+ 44. cxd4 Qxe6 45. Qc3+ Qc4+ 46. Qxc4+ Nxc4 47. g5 Nd6 48. a4 Ne4 49. a5 a6 50. d5 Nxg5 51. Kc5 Kd7 52. d6 Ne4+ 53. Kb6 Nxd6 0-1

[Event "TUR Cup"]
[Site "Adapazari"]
[Date "2022.03.30"]
[Round "9"]
[White "Karaseki, Ibrahim Erol"]
[Black "Zaimov, Berk"]
[Result "0-1"]
[WhiteElo "1412"]
[BlackElo "1498"]
[PlyCount "54"]
[EventDate "2022.03.25"]
[EventType "swiss"]
[EventRounds "11"]
[EventCountry "TUR"]
[SourceTitle "EXT 2023"]
[Source "ChessBase"]
[SourceDate "2022.10.05"]
[SourceVersion "1"]
[SourceVersionDate "2022.10.05"]
[SourceQuality "1"]

1. d4 d5 2. Nf3 Nf6 3. g3 e6 4. Bg2 Be7 5. 0-0 0-0 6. c4 c6 7. Nc3 Nbd7 8. Ne5 Nxe5 9. dxe5 Nd7 10. cxd5 exd5 11. e4 dxe4 12. Bxe4 Nxe5 13. Bxh7+ Kxh7 14. Qh5+ Kg8 15. Qxe5 Bf6 16. Qc5 Bd4 17. Qa3 Bh3 18. Rd1 Qf6 19. Ne4 Qe5 20. Qd3 Rad8 21. Qf3 f5 22. Ng5 Bg4 23. Qb3+ Kh8 24. Bf4 Bxf2+ 25. Kg2 Qe2 26. Rf1 Be3+ 27. Kh1 Rd2 0-1

[Event "TUR-ch U20"]
[Site "Canakkale"]
[Date "2016.06.27"]
[Round "1"]
[White "Zaimov, Berk"]
[Black "Demirelli, Ilyas Doguhan"]
[Result "1/2-1/2"]
[WhiteElo "1450"]
[BlackElo "1886"]
[PlyCount "102"]
[EventDate "2016.06.27"]
[EventType "swiss"]
[EventRounds "9"]
[EventCountry "TUR"]
[SourceTitle "CBM 173 Extra"]
[Source "ChessBase"]
[SourceDate "2016.08.29"]
[SourceVersion "1"]
[SourceVersionDate "2016.08.29"]
[SourceQuality "1"]

1. e4 c5 2. Nf3 Nc6 3. d4 cxd4 4. Nxd4 g6 5. Be3 Bg7 6. c3 Nf6 7. Nd2 0-0 8. Be2 d6 9. 0-0 Bd7 10. h3 a6 11. a4 e5 12. Nc2 d5 13. exd5 Nxd5 14. Bc5 Re8 15. Nc4 Nf4 16. Nd6 Qg5 17. Bg4 Bxg4 18. Qxg4 Qxg4 19. hxg4 Re7 20. Nc4 Ree8 21. Nd6 Red8 22. Rad1 Rd7 23. Bb6 Rf8 24. Ne4 Rxd1 25. Rxd1 f5 26. gxf5 gxf5 27. Nd6 e4 28. Ne3 Nd3 29. Rd2 Bh6 30. f3 Rf6 31. Nxb7 Nce5 32. Bd4 exf3 33. Rxd3 Nxd3 34. Bxf6 Bxe3+ 35. Kf1 fxg2+ 36. Kxg2 Nxb2 37. Kf3 f4 38. a5 Nc4 39. Bg5 Bd2 40. Bxf4 Bxc3 41. Bc7 h5 42. Ke2 h4 43. Kf3 Kg7 44. Nc5 Nxa5 45. Nxa6 Nc4 46. Bd8 Be1 47. Bxh4 Bxh4 48. Kg4 Bf6 49. Kf3 Kf7 50. Nb4 Ke6 51. Nd3 Kf5 1/2-1/2